000 00636nam a22001577a 4500
003 OSt
005 20151206150939.0
008 151206b xxu||||| |||| 00| 0 eng d
040 _cRUA
082 _aATM ឈុន 1994 B190 Or.1
100 _94416
_aឈុន ខេង
245 _aសិក្សាប្រៀបធៀបអំពីគុណសម្បតិ្តនង្គ័លថាស់៧ត្រក់ទ័រនិងនង្គ័លគោនៅក្នុុងលក្ខខ័ណ្ឌដីដំណាំចំការ
260 _aPhnom Penh
_bRUA
_c1994
300 _a59p.
_bill.
_c29cm.
942 _2ddc
_cATM
999 _c4116
_d4116